000
00342nam a2200145Ia 4500
008
150201s2013 xx 000 0 und d
082
_a
610.73
_b
F13P
100
_a
POTTER, PATRICIA A.
245
_a
FUNDAMENTALS OF NURSING
250
_a
1ST
260
_b
ELSEVIER
_a
INDIA
_c
2013
300
_a
1337
650
_a
NURSING
942
_2
ddc
_c
BK
_0
50
999
_c
2197
_d
2197